Eastern Utah Libraries Catalog: Duchesne, Heber, Roosevelt, & Vernal

Forget me not : (Record no. 415036)

MARC details
000 -LEADER
fixed length control field 03050cam a2200385 i 4500
001 - CONTROL NUMBER
control field 2025014609
005 - DATE AND TIME OF LATEST TRANSACTION
control field 20260112130549.0
008 - FIXED-LENGTH DATA ELEMENTS--GENERAL INFORMATION
fixed length control field 250411t20252025nyu 0000 1 eng
010 ## - LIBRARY OF CONGRESS CONTROL NUMBER
LC control number 2025014609
040 ## - CATALOGING SOURCE
Original cataloging agency DLC
Language of cataloging eng
Description conventions rda
Transcribing agency DLC
Modifying agency DLC-MRC
-- TnLvILS
020 ## - INTERNATIONAL STANDARD BOOK NUMBER
International Standard Book Number 9781250887979
Qualifying information (hardcover)
020 ## - INTERNATIONAL STANDARD BOOK NUMBER
Cancelled/invalid ISBN 9781250887986
Qualifying information (ebook)
035 ## - SYSTEM CONTROL NUMBER
System control number (OCoLC)1514634606
042 ## - AUTHENTICATION CODE
Authentication code pcc
050 00 - LIBRARY OF CONGRESS CALL NUMBER
Classification number PS3623.I57726
Item number F67 2025
082 00 - DEWEY DECIMAL CLASSIFICATION NUMBER
Classification number 813/.6
Edition number 23/eng/20250811
100 1# - MAIN ENTRY--PERSONAL NAME
Personal name Willingham, Stacy,
Relator term author.
9 (RLIN) 6437739
245 10 - TITLE STATEMENT
Title Forget me not :
Remainder of title a novel /
Statement of responsibility, etc Stacy Willingham.
250 ## - EDITION STATEMENT
Edition statement First edition.
264 #1 - Production, Publication, Distribution, Manufacture, and Copyright Notice.
Place of production, publication, distribution, manufacture New York, NY :
Name of producer, publisher, distributor, manufacturer Minotaur Books,
Date of production, publication, distribution, manufacture, or copyr 2025.
264 #4 - Production, Publication, Distribution, Manufacture, and Copyright Notice.
Date of production, publication, distribution, manufacture, or copyr �2025
300 ## - PHYSICAL DESCRIPTION
Extent 324 pages ;
Dimensions 25 cm
336 ## - Content Type
Content type term text
337 ## - Media type
Media type term unmediated
338 ## - Carrier type
Carrier type term volume
520 ## - SUMMARY, ETC.
Summary, etc "A pulse-pounding new Southern thriller from the author of the runaway bestseller A Flicker in the Dark. Twenty-two years ago, Claire Campbell's older sister, Natalie, disappeared shortly after her eighteenth birthday. Days later, her blood was found in a car, a man was arrested, and the case was swiftly closed. In the decades since, Claire has attempted to forget her traumatic past by moving to the city and climbing the ranks as an investigative journalist ... until an unexpected call from her father forces her to come back home and face it all anew. With the entire summer now looming ahead-a summer spent with nothing to do in her childhood home, with her estranged mother--Claire decides on a whim to accept a seasonal job at Galloway Farm, a muscadine vineyard in coastal South Carolina less than an hour away from where she grew up. At first glance, Galloway is an idyllic escape for Claire. A scenic retreat full of slow-paced nostalgia, as well as a place where her sister seemed truly happy in that last summer before she vanished, it feels like the perfect plan to pass the time. However, as soon as Claire starts to settle in, she stumbles across an old diary written by one of the vineyard's owners, and what at first seems like a story of young rebellion and love turns into something much more sinister as it begins to describe details of various unsolved crimes. As the days stretch on, Claire finds herself becoming more and more secluded as she starts to obsess over the diary's contents ... as well as the lingering feeling that her own sister's disappearance may be somehow tied to it all. Galloway was supposed to be a place to help her move forward, but instead, Claire quickly finds herself immersed in her own dark and dangerous past"--
-- Provided by publisher.
588 ## -
-- Description based on publisher data.
-- TnLvILS
650 #0 - SUBJECT ADDED ENTRY--TOPICAL TERM
Topical term or geographic name as entry element Women journalists
Form subdivision Fiction.
9 (RLIN) 5677282
650 #0 - SUBJECT ADDED ENTRY--TOPICAL TERM
Topical term or geographic name as entry element Homecoming
Form subdivision Fiction.
9 (RLIN) 5675531
650 #0 - SUBJECT ADDED ENTRY--TOPICAL TERM
Topical term or geographic name as entry element Missing persons
Form subdivision Fiction.
650 #0 - SUBJECT ADDED ENTRY--TOPICAL TERM
Topical term or geographic name as entry element Sisters
Form subdivision Fiction.
9 (RLIN) 5674091
650 #0 - SUBJECT ADDED ENTRY--TOPICAL TERM
Topical term or geographic name as entry element Diaries
Form subdivision Fiction.
9 (RLIN) 5674805
650 #0 - SUBJECT ADDED ENTRY--TOPICAL TERM
Topical term or geographic name as entry element Cold cases (Criminal investigation)
Form subdivision Fiction.
9 (RLIN) 5678704
655 #7 - INDEX TERM--GENRE/FORM
Genre/form data or focus term Thrillers (Fiction)
Source of term lcgft
Holdings
Withdrawn status Lost status Source of classification or shelving scheme Damaged status Not for loan Collection code Home library Current library Shelving location Date acquired Source of acquisition Total Checkouts Total Renewals Full call number Barcode Checked out Date last seen Date checked out Cost, replacement price Price effective from Koha item type
    Dewey Decimal Classification     Fiction Wasatch County Library Wasatch County Library First Floor 01/15/2026 Ingram 3 2 F Willingham 34301002177279 04/10/2026 02/11/2026 02/11/2026 29.00 01/15/2026 BOOK
This project was made possible through a grant from the Institute of Museum and Library Service administered by the Utah State Library Division.

Wasatch County Library

  • 465 East 1200 South, Heber City, Utah 84032
  • Phone 435-654-1511 | Fax 435-654-6456

Hours

  • Monday - Friday 9:30 AM - 8:00 PM
  • Saturday 9:30 AM - 1:30 PM
  • Closed Sundays and Holidays